000 00446nam a2200193Ia 4500
005 20250603145323.0
008 250603s9999 xx 000 0 und d
020 _a0-07-241075-2
050 _aHF 5415 .M29474/
100 _aRoger A. Kerin
245 0 _aMarketing
250 _aSeventh Edition
260 _aNew York
260 _bMcGraw-Hill Higher Education
260 _c2002
300 _a741 p
650 _aNew York
942 _cBK
999 _c41514
_d41514